000 00471pab a2200169 454500
008 180718b2018 xxu||||| |||| 00| 0 eng d
100 _aHolck, Lotte
245 _aUnequal by structure: exploring the structural embeddedness of organizational diversity
260 _c2018
300 _ap.242-259.
362 _aMar
650 _aOrganizational change
650 _aOrganizational structure
650 _aOrganizations
773 _aOrganization
909 _a116792
999 _c116786
_d116786